| 000 | 01209nam0a2200337 4500 | ||
|---|---|---|---|
| 001 | RU\NLR\bibl\798842 | ||
| 005 | 20260405074539.0 | ||
| 010 |
_a5-222-05777-1 _97000 |
||
| 021 |
_aRU _b2005-3996 _9197 |
||
| 035 | _a(NLR Aleph) 000788029 | ||
| 090 |
_a1103879 _c1103879 |
||
| 100 | _a20050514d2005 |||y0rusy50 ca | ||
| 101 | 0 | _arus | |
| 102 | _aRU | ||
| 105 | _aa ||||||||| | ||
| 200 | 1 |
_aЛечение алоэ и каланхоэ _fЛ. Николаев |
|
| 210 |
_aРостов-на-Дону _cФеникс _d2005 |
||
| 215 |
_a30, [1] с. _cил. _d20 |
||
| 225 | 1 | _aСерия "Панацея" | |
| 300 | _aНа обл. авт. не указан | ||
| 606 | 1 |
_aКаланхое _xЛечебное применение _92185836 _3RU\NLR\auth\661314201 |
|
| 606 | 1 |
_aАлоэ _xЛечебное применение _9941507 _3RU\NLR\auth\6629777 |
|
| 686 | _aР282.111 Алоэ | ||
| 686 | _aР282.111 Каланхое | ||
| 700 | 1 |
_4070 _8rus _7ca _aНиколаев _bЛ. _cфитотерапевт _gЛеонид _3RU\NLR\auth\7726319 _99362 |
|
| 801 | 0 |
_aRU _bNLR _c20050514 _gPSBO |
|
| 801 | 1 |
_aRU _bNLR _c20050514 |
|
| 942 | _cBOOK | ||
| 980 | _aNB | ||